Tratado de topografía

Bibliographic Details
Main Author: Mantero, José María
Format: Section = Libro
Language:Undetermined
Spanish
Published: España Aguilar 1971
Edition:3a.ed
Subjects:
LEADER 00508nam a2200205Ia 4500
008 240830s9999 xx 000 0 und d
020 |a 84-03-20040-4 
040 |a B-ESTELÍ- RUACS / 526.9 M292 
041 |a spa 
082 |a 526.9 M292 
100 1 |a Mantero, José María 
245 1 0 |a Tratado de topografía 
250 |a 3a.ed 
260 |a España  |b Aguilar  |c 1971 
300 |a 976 p:il 
650 7 |a TOPOGRAFIA 
650 7 |b  TOPOGRAFIA - INSTRUMENTOS 
942 |c BK  |2 ddc 
991 |a TEXTO 
999 |c 10987